000 00496nam a22001577a 4500
005 20251108171012.0
008 250721s1995 xx 000 0 ara d
082 1 4 _a910.4/بير
100 1 _aبيرتون، رتشارد ف
245 1 0 _aرحلة بيرتون إلى مصر و الحجاز /
264 1 _aالقاهره :
_bالهيئه المصريه العامه للكتاب،
_c1995.
300 _aج
650 1 7 _aالرحلات و الأسفار
942 _2ddc
_cBK
999 _c54096
_d54096